000 00503nam a22001932 4500
001 0000001327
005 20170406113341.0
008 131220s xx 000 0 eng d
020 _c$
040 _aYour Holding Symbol
_cYour Holding Symbol
100 1 _aThurtle,Ernest.
245 1 0 _aTime's winged chariot.
250 _a ed.
260 _alondon :
_bChaterson ltd,
_c1945.
300 _a190 p. ;
_c cm.
504 _aindex.
650 0 _agreat britain.
908 _a131220
999 _c1244
_d1244